First level subdivisions surrounding France - Statistics

General Stats
  • This quiz has been taken 12 times
    5 since last reset
  • The average score is 24 of 37
Answer Stats
Hint Answer % Correct
Spain Aragón
100%
Germany Baden-Württemberg
100%
Spain Cataluña
100%
Spain Comunidad Foral de Navarre
100%
Belgium Flanders
100%
Switzerland Genève/Genf
100%
Spain Paìs Vasco
100%
Germany Rheinland-Pfalz
100%
Germany Saarland
100%
Belgium Wallonia
100%
Italy Aosta-Valley
80%
Switzerland Basel-Landschaft
80%
Switzerland Basel-Stadt
80%
Luxembourg Esch-sur-Alzette
80%
Switzerland Jura
80%
Italy Liguria
80%
Monaco Monte-Carlo
80%
Switzerland Neuchâtel
80%
Italy Piedmonte
80%
Netherlands Sint Maarten
80%
Switzerland Vaud/Waadt
80%
Switzerland Wallis/Valais
80%
Switzerland Solothurn/Soleure
60%
Brazil Amapá
40%
Andorra Encamp
40%
Monaco Fontvieille
40%
Monaco Jardin exotique
40%
Andorra La Massana
40%
Luxembourg Remich
40%
Andorra Canillo
20%
Monaco La Rousse
20%
Monaco Larvotto
20%
Monaco Les Moneghetti
20%
Andorra Ordino
20%
Monaco Sainte Dévote
20%
Suriname Marowijne
0%
Suriname Sipaliwini
0%
No matching quizzes found
Score Distribution
Percent of People with Each Score
Percentile by Number Answered
Your Score History
You have not taken this quiz since the last reset